Acides aminés par structure chimique - Statistiques

Statistiques générales
  • Ce quiz a été pris 360 fois
  • Le résultat moyen est 9 sur 12
Statistiques - réponses
Par images Réponse % Correct
Phenylalanine
89%
Cysteine
88%
Méthionine
83%
Acide glutamique
82%
Tyrosine
80%
Acide aspartique
79%
Isoleucine
79%
Leucine
79%
Histidine
71%
Asparagine
70%
Lysine
68%
Arginine
65%
Aucun quiz correspondant
Distribution des résultats
% des personnes avec chaque résultat
Percentile par nombre de réponses
Votre historique - résultats
Vous n’avez pas pris ce quiz